| 000 | 01217cam a2200325 a 4500 | ||
|---|---|---|---|
| 001 | 12208879 | ||
| 003 | OSt | ||
| 005 | 20140310182210.0 | ||
| 008 | 001023s2000 nyua 001 0 eng d | ||
| 010 | _a 00700071 | ||
| 020 | _a9780071203647 | ||
| 035 | _a(OCoLC)ocm44764960 | ||
| 035 | _a906721 | ||
| 040 |
_aJBR _cJBR _dDLC |
||
| 042 | _alccopycat | ||
| 050 | 0 | 0 |
_aTK 7887 _b.Sa333 2000 |
| 082 | 0 | 0 |
_aHS 621.3916 _bSa5 2000 |
| 100 | 1 |
_aSandler, Corey, _d1950- _916751 |
|
| 245 | 1 | 0 |
_aUpgrade your own PC / _cCorey Sandler. |
| 260 |
_aNew York: _bMcGraw-Hill, _cc2000. |
||
| 300 |
_axiii, 154 p. : _bill. ; _c28 cm. |
||
| 650 | 0 |
_aMicrocomputers _xUpgrading _vAmateurs' manuals. _916752 |
|
| 856 | 4 | 2 |
_3Publisher description _uhttp://www.loc.gov/catdir/description/mh021/00700071.html |
| 856 | 4 | 1 |
_3Table of contents _uhttp://www.loc.gov/catdir/toc/mh021/00700071.html |
| 856 | 4 | 2 |
_3Contributor biographical information _uhttp://www.loc.gov/catdir/enhancements/fy0707/00700071-b.html |
| 906 |
_a7 _bcbc _ccopycat _d2 _encip _f20 _gy-gencatlg |
||
| 942 | _2lcc | ||
| 999 |
_c10458 _d10458 |
||